| 000 | 00534nam a2200193 i 4500 | ||
|---|---|---|---|
| 020 | _a0709901798 (pbk.) | ||
| 020 | _a0856648000 : | ||
| 082 | 0 | 0 |
_a909.042974 _bZIA _cL-30, P-83 |
| 100 | 1 |
_aSardar, Ziauddin. _93869 |
|
| 245 | 1 | 4 |
_aThe future of Muslim civilisation / _cZiauddin Sardar. |
| 250 | _a1983 | ||
| 260 |
_aLondon : _bCroom Helm, _cc1979. |
||
| 300 |
_a288 p. : _bill. ; _c23 cm. |
||
| 500 | _aIncludes index. | ||
| 526 |
_a0 _b0 _c0 _d909_042974000000000_ZIA |
||
| 650 | 0 | _aIslam | |
| 650 | 0 |
_aMCE _9379 |
|
| 942 |
_2ddc _cBK |
||
| 999 |
_c549442 _d549442 |
||